Dejiny pre III. triedu osemročnej školy

Bibliographic Details
Main Author: Jovanovič, Cveja (Author)
Format: Book
Language:English
PhysicalDescription:119 s.
Published: Petrovec Kultúra 1957
Edition:3. opr. a dopl. vyd.

MARC

LEADER 00000nam a2200000 a 4500
001 vtls008744746
003 SK-MaSNL
005 20260302075135.0
008 240318 000 0 eng
040 |a SNK  |b slo  |c SNK  |e AACR2 
100 1 |a Jovanovič, Cveja  |4 aut  |9 405351 
245 1 0 |a Dejiny pre III. triedu osemročnej školy 
250 |a 3. opr. a dopl. vyd. 
260 |a Petrovec  |b Kultúra  |c 1957 
300 |a 119 s. 
999 |c 1168047  |d 1169977 
952 |a SNK  |b SNK  |y PREZ  |7 0  |p 17A0512086  |o snkSD 13882  |i snk8361/57  |3 rekatalogizácia  |0 0  |1 0  |4 0  |d 2006-05-29  |l 0  |r 2025-11-27 00:00:00  |w 2026-02-24